[Event "SCO-ch op 128th"]
[Site "Dunfermline"]
[Date "2023.07.09"]
[Round "5"]
[White "Clinton, William"]
[Black "Lothian, Robert"]
[Result "0-1"]
[WhiteElo "1656"]
[BlackElo "2035"]
[PlyCount "90"]
[EventDate "2023.07.07"]
[EventType "swiss"]
[EventRounds "5"]
[EventCountry "SCO"]
[SourceTitle "CBM 215 Extra"]
[Source "ChessBase"]
[SourceDate "2023.09.30"]
[SourceVersion "1"]
[SourceVersionDate "2023.09.30"]
[SourceQuality "1"]

1. e4 c6 2. d4 d5 3. f3 e6 4. Nc3 Bb4 5. Nge2 Nf6 6. e5 Nfd7 7. a3 Be7 8. Be3 c5 9. f4 Nc6 10. dxc5 Nxc5 11. Nd4 a6 12. b4 Nd7 13. Be2 Qc7 14. Nxc6 bxc6 15. 0-0 c5 16. bxc5 Bxc5 17. Qd2 Bb7 18. Rfc1 0-0 19. Nd1 Nb6 20. Bxc5 Qxc5+ 21. Kh1 a5 22. Nb2 Rfd8 23. Qd3 Ba6 24. Qf3 Bxe2 25. Qxe2 Qd4 26. Nd3 Nc4 27. c3 Qa7 28. h3 Rab8 29. Qc2 h6 30. a4 Rb7 31. Rcb1 Rxb1+ 32. Qxb1 Rb8 33. Qc2 Qb6 34. Ra2 Qb3 35. Kh2 Qxc2 36. Rxc2 Rb3 37. Kg1 Ra3 38. Nc5 Kh7 39. Kf2 Nb6 40. Ke3 Nxa4 41. Nxa4 Rxa4 42. Kf3 Rc4 43. g3 d4 44. Kf2 a4 45. h4 a3 0-1

[Event "SCO-ch op 128th"]
[Site "Dunfermline"]
[Date "2023.07.09"]
[Round "4"]
[White "Greet, Andrew"]
[Black "Clinton, William"]
[Result "1-0"]
[WhiteElo "2410"]
[BlackElo "1656"]
[PlyCount "51"]
[EventDate "2023.07.07"]
[EventType "swiss"]
[EventRounds "5"]
[EventCountry "SCO"]
[SourceTitle "CBM 215 Extra"]
[Source "ChessBase"]
[SourceDate "2023.09.30"]
[SourceVersion "1"]
[SourceVersionDate "2023.09.30"]
[SourceQuality "1"]

1. Nf3 Nf6 2. c4 c5 3. Nc3 g6 4. e4 d6 5. d4 cxd4 6. Nxd4 Bg7 7. Be2 0-0 8. Be3 Nc6 9. h3 Nxd4 10. Bxd4 b6 11. Qd3 Bb7 12. h4 Nd7 13. Bxg7 Kxg7 14. h5 g5 15. h6+ Kg8 16. g3 Nc5 17. Qe3 f6 18. f4 Nxe4 19. Nxe4 f5 20. Rh5 Bxe4 21. Rxg5+ Kh8 22. Bd3 d5 23. Bxe4 dxe4 24. Qc3+ Rf6 25. Rxf5 Qg8 26. Rxf6 1-0

[Event "Dundee & Angus Major"]
[Site "Dundee"]
[Date "2016.10.09"]
[Round "4"]
[White "D'Alessio, Marco"]
[Black "Clinton, William"]
[Result "0-1"]
[WhiteElo "1353"]
[BlackElo "1649"]
[PlyCount "128"]
[EventDate "2016.10.07"]
[EventType "swiss"]
[EventRounds "5"]
[EventCountry "SCO"]
[SourceTitle "EXT 2023"]
[Source "ChessBase"]
[SourceDate "2022.10.05"]
[SourceVersion "1"]
[SourceVersionDate "2022.10.05"]
[SourceQuality "1"]

1. e4 d5 2. exd5 Nf6 3. d4 Bg4 4. Nf3 Qxd5 5. Nbd2 Nc6 6. c3 e5 7. Bc4 Bxf3 8. Bxd5 Bxd1 9. Bxc6+ bxc6 10. Kxd1 0-0-0 11. dxe5 Ng4 12. Ke2 Nxe5 13. Nf3 Nxf3 14. Kxf3 Bc5 15. Re1 Rd3+ 16. Be3 Rhd8 17. Rac1 Bxe3 18. Rxe3 Rd2 19. Re7 R8d3+ 20. Ke4 Rd7 21. Rxd7 Kxd7 22. b3 Rxf2 23. Rd1+ Ke7 24. Re1 Rxa2 25. Kd4+ Kd7 26. Kc5 Rxg2 27. Rd1+ Kc8 28. Kxc6 Rg6+ 29. Kb5 Rd6 30. Ra1 Kb7 31. b4 f5 32. c4 f4 33. c5 Rf6 34. Kc4 g5 35. b5 f3 36. c6+ Kb8 37. Re1 Rf8 38. Kd3 h5 39. Rf1 g4 40. Ke3 Rf5 41. h3 Rxb5 42. hxg4 hxg4 43. Rg1 Rb4 44. Rh1 a5 45. Ra1 a4 46. Kf2 Ka7 47. Ra3 Kb6 48. Rc3 Rb3 49. Rc4 a3 50. Rxg4 Kxc6 51. Rc4+ Kb6 52. Ra4 c5 53. Ra8 c4 54. Rc8 Kb5 55. Rb8+ Kc5 56. Rc8+ Kd4 57. Rd8+ Ke4 58. Re8+ Kd4 59. Rd8+ Kc3 60. Kxf3 a2 61. Ra8 Kb2+ 62. Ke4 a1Q 63. Rxa1 Kxa1 64. Kd4 c3 0-1

[Event "Dundee & Angus Major"]
[Site "Dundee"]
[Date "2016.10.07"]
[Round "1"]
[White "Clinton, William"]
[Black "Atkins, Graham"]
[Result "1/2-1/2"]
[WhiteElo "1649"]
[BlackElo "1401"]
[PlyCount "65"]
[EventDate "2016.10.07"]
[EventType "swiss"]
[EventRounds "5"]
[EventCountry "SCO"]
[SourceTitle "EXT 2023"]
[Source "ChessBase"]
[SourceDate "2022.10.05"]
[SourceVersion "1"]
[SourceVersionDate "2022.10.05"]
[SourceQuality "1"]

1. e4 g6 2. d4 Bg7 3. Nc3 d6 4. f4 Nc6 5. Nf3 Bg4 6. Be3 e5 7. fxe5 dxe5 8. d5 Nd4 9. Be2 Nxf3+ 10. Bxf3 Bxf3 11. Qxf3 Nf6 12. 0-0 Qd7 13. Bg5 Nh5 14. Rad1 0-0 15. g4 Nf4 16. Bxf4 exf4 17. Qxf4 Rae8 18. Rf2 Be5 19. Qf3 a6 20. h3 Qd6 21. Kg2 Qb4 22. Rb1 Bxc3 23. Qxc3 Qxe4+ 24. Qf3 Qxf3+ 25. Rxf3 Re2+ 26. Rf2 Rxf2+ 27. Kxf2 f5 28. Kg3 f4+ 29. Kf3 g5 30. Re1 Kf7 31. Re5 h6 32. Re6 Kg7 33. Re7+ 1/2-1/2

[Event "Dundee & Angus op Challengers"]
[Site "Dundee"]
[Date "2012.10.13"]
[Round "2"]
[White "Hargrave, Ian"]
[Black "Clinton, William"]
[Result "1-0"]
[WhiteElo "1765"]
[BlackElo "1651"]
[PlyCount "37"]
[EventDate "2012.10.12"]
[EventType "swiss"]
[EventRounds "5"]
[EventCountry "SCO"]
[SourceTitle "EXT 2017"]
[Source "ChessBase"]
[SourceDate "2016.10.25"]
[SourceVersion "1"]
[SourceVersionDate "2016.10.25"]
[SourceQuality "1"]

1. e4 d5 2. exd5 Nf6 3. d4 Bg4 4. Nf3 Qxd5 5. Be2 Nc6 6. c4 Qf5 7. 0-0 0-0-0 8. Be3 e5 9. d5 e4 10. Nd4 Nxd4 11. Bxd4 Bxe2 12. Qxe2 Bd6 13. Nc3 Bxh2+ 14. Kxh2 Ng4+ 15. Kg1 c5 16. Qxe4 Qh5 17. Qf4 cxd4 18. Nb5 g5 19. Qc7# 1-0

[Event "Dundee & Angus Congress Major"]
[Site "Dundee"]
[Date "2011.10.16"]
[Round "4"]
[White "Clinton, William"]
[Black "Harkins, William"]
[Result "1-0"]
[WhiteElo "1630"]
[BlackElo "1494"]
[PlyCount "98"]
[EventDate "2011.10.14"]
[EventType "swiss"]
[EventRounds "5"]
[EventCountry "SCO"]
[SourceTitle "EXT 2023"]
[Source "ChessBase"]
[SourceDate "2022.10.05"]
[SourceVersion "1"]
[SourceVersionDate "2022.10.05"]
[SourceQuality "1"]

1. e4 c5 2. Nc3 d6 3. f4 Nf6 4. Nf3 a6 5. a4 e6 6. g3 Nc6 7. Bg2 Be7 8. d3 Qc7 9. Be3 b6 10. 0-0 Bb7 11. Qe2 0-0 12. Nh4 Nd7 13. Qg4 Bxh4 14. Qxh4 Qd8 15. Qh3 Nf6 16. f5 Qe7 17. g4 Kh8 18. g5 Nd7 19. f6 gxf6 20. gxf6 Qe8 21. Bh6 Rg8 22. Bg7+ Rxg7 23. fxg7+ Kg8 24. Qh6 Nce5 25. Rf4 Ng6 26. Rf3 f5 27. Rh3 Nf6 28. Rf1 Qd7 29. exf5 exf5 30. Bxb7 Qxb7 31. Rxf5 Qxg7 32. Qxg7+ Kxg7 33. Rhf3 Rf8 34. Rf2 Ne5 35. Rg2+ Ng6 36. Rgf2 Nh4 37. R5f4 Ng6 38. R4f3 Nh4 39. Re3 Rf7 40. Re6 Ng4 41. Rxf7+ Kxf7 42. Rxd6 Nf3+ 43. Kg2 Ne1+ 44. Kg3 Ne3 45. Rxb6 N3xc2 46. Rxa6 Nb4 47. Rb6 Nexd3 48. a5 Ne5 49. Ne4 Nd7 1-0

[Event "Dundee & Angus op Challengers"]
[Site "Dundee"]
[Date "2008.??.??"]
[Round "1"]
[White "Campbell, Eoin S"]
[Black "Clinton, William"]
[Result "1-0"]
[WhiteElo "1767"]
[BlackElo "1609"]
[PlyCount "45"]
[EventDate "2008.10.17"]
[EventType "swiss"]
[EventRounds "5"]
[EventCountry "SCO"]
[SourceTitle "EXT 2017"]
[Source "ChessBase"]
[SourceDate "2016.10.25"]
[SourceVersion "1"]
[SourceVersionDate "2016.10.25"]
[SourceQuality "1"]

1. Nf3 Nf6 2. c4 c5 3. Nc3 g6 4. e4 d6 5. d4 cxd4 6. Nxd4 Bg7 7. Be2 0-0 8. 0-0 Bd7 9. Be3 Nc6 10. Qd2 Rc8 11. Rfd1 a6 12. f3 Nxd4 13. Bxd4 Bc6 14. b4 Ne8 15. Bxg7 Nxg7 16. b5 axb5 17. cxb5 Qb6+ 18. Kh1 Be8 19. Nd5 Qd8 20. Rac1 Rxc1 21. Rxc1 Ne6 22. Rc8 Qd7 23. Nb6 1-0